000
00213 a2200097 4500
001
3669
100
_a
Nomoni, H H
245
_a
Censurs of pakistan east bengal
260
_a
_b
Govt of Pak
_c
090
_c
2930
_d
2930
942
_a
NUST-CAE
_c
M
_c
21447
999
_c
238742
_d
238742